Atlas of human histology.-- 5th ed. (Record no. 30797)

MARC details
000 -LEADER
fixed length control field 00749nam a2200193 a 4500
008 - FIXED-LENGTH DATA ELEMENTS--GENERAL INFORMATION
fixed length control field 110906s1981 ||||||||||||||||| || u
020 ## - INTERNATIONAL STANDARD BOOK NUMBER
International Standard Book Number 081210756X
050 ## - LIBRARY OF CONGRESS CALL NUMBER
Classification number QM 557 Fio
100 ## - MAIN ENTRY--PERSONAL NAME
Personal name Fiore, Mariano S. H. di
245 10 - TITLE STATEMENT
Title Atlas of human histology.-- 5th ed.
Statement of responsibility, etc. Mariano S. H. di Fiore; with the collaboration of Ida G. Schmidt
250 ## - EDITION STATEMENT
Edition statement 5th ed.
260 ## - PUBLICATION, DISTRIBUTION, ETC.
Place of publication, distribution, etc. Philadelphia, PA
Name of publisher, distributor, etc. Lea and Febiger
Date of publication, distribution, etc. 1981
300 ## - PHYSICAL DESCRIPTION
Extent 267p.: ill.
350 ## -
-- 0.00
650 #0 - SUBJECT ADDED ENTRY--TOPICAL TERM
Topical term or geographic name entry element HISTOLOGY--ATLASES
650 ## - SUBJECT ADDED ENTRY--TOPICAL TERM
Topical term or geographic name entry element MEDICINE
700 ## - ADDED ENTRY--PERSONAL NAME
Personal name Schmidt, Ida G., 1902-
995 ## -
-- MICHAEL CHILUFYA SATA OPEN ACCESS
-- 0.00
-- 900403
-- CBU-SCHOOL OF MEDICINE LIBRARY (Ndola)
-- 1
-- 0.00
-- QM 557 Fio
-- 1
-- AVAILABLE
-- Oct 25, 2011
-- 900403
-- Medical Library Open Access Collection
999 ## -
-- 30797
-- 30797
Holdings
Withdrawn status Lost status Source of classification or shelving scheme Damaged status Not for loan Permanent Location Current Location Shelving location Date acquired Total Checkouts Full call number Barcode Date last seen Date last checked out Price effective from Koha item type
          CBU-SCHOOL OF MEDICINE LIBRARY, NDOLA. CBU-SCHOOL OF MEDICINE LIBRARY, NDOLA.   11/30/2022 2 QM 557 Fio 900403 11/04/2024 08/21/2024 11/30/2022 MONOGRAPH